[Event "24. European Club Cup 2008"]
[Site "Kallithea GRE"]
[Date "2008.10.17"]
[Round "1.2"]
[White "Pileckis, Emilis"]
[Black "Aronian, Levon"]
[Result "1/2-1/2"]
[WhiteElo "2472"]
[BlackElo "2757"]
[PlyCount "56"]
[EventDate "2008.10.17"]
[EventType "team-swiss"]
[EventRounds "7"]
[EventCountry "GRE"]
[Source "lmi"]
[SourceDate "2008.10.17"]
[WhiteTeam "Panevezys"]
[BlackTeam "MIKA"]

1. Nf3 Nf6 2. c4 e6 3. Nc3 d5 4. d4 Bb4 5. Qa4+ Nc6 6. cxd5 exd5 7. Bg5 h6 8.
Bxf6 Qxf6 9. e3 O-O 10. Be2 Rd8 11. O-O Bf8 12. a3 Ne7 13. Rfe1 c6 14. Qb3 Ng6
15. Bd3 Re8 16. e4 Nf4 17. e5 Qe6 18. Bf1 Qg4 19. Nd1 c5 20. Ne3 Nh3+ 21. Kh1
Nxf2+ 22. Kg1 Nh3+ 23. Kh1 Qh5 24. Nxd5 Bg4 25. Nc7 Nf2+ 26. Kg1 Nh3+ 27. Kh1
Nf2+ 28. Kg1 Nh3+ 1/2-1/2

[Event "24. European Club Cup 2008"]
[Site "Kallithea GRE"]
[Date "2008.10.17"]
[Round "1.3"]
[White "Olsson, Anders"]
[Black "Naiditsch, Arkadij"]
[Result "1/2-1/2"]
[WhiteElo "2404"]
[BlackElo "2678"]
[PlyCount "97"]
[EventDate "2008.10.17"]
[EventType "team-swiss"]
[EventRounds "7"]
[EventCountry "GRE"]
[Source "lmi"]
[SourceDate "2008.10.17"]
[WhiteTeam "Rockaden"]
[BlackTeam "Baden-Baden"]

1. e4 e5 2. Nf3 Nc6 3. Bc4 Nf6 4. d3 Be7 5. O-O O-O 6. Nbd2 d6 7. c3 Na5 8. Bb5
a6 9. Ba4 b5 10. Bc2 c5 11. Re1 Nc6 12. Nf1 Re8 13. Ng3 Bf8 14. h3 Bb7 15. d4
cxd4 16. cxd4 exd4 17. Nxd4 Nxd4 18. Qxd4 Rc8 19. Bb3 d5 20. e5 Ne4 21. Nxe4
dxe4 22. Qxd8 Rcxd8 23. Bg5 Rc8 24. e6 fxe6 25. Rad1 h6 26. Bf4 Kf7 27. Rd7+
Re7 28. Rd6 g5 29. Be5 Rc5 30. Bc3 Rf5 31. Red1 Bd5 32. Bxd5 Rxd5 33. R1xd5
exd5 34. Rxd5 Rc7 35. Rf5+ Kg8 36. Kf1 Bg7 37. a4 Bxc3 38. bxc3 bxa4 39. Ra5
Rxc3 40. Rxa4 Rc6 41. Rxe4 a5 42. Re8+ Kf7 43. Ra8 Rc5 44. Ra6 h5 45. Ke2 Ke7
46. g4 h4 47. f4 gxf4 48. Kf3 Rc3+ 49. Ke4 1/2-1/2

[Event "24. European Club Cup 2008"]
[Site "Kallithea GRE"]
[Date "2008.10.17"]
[Round "1.4"]
[White "Galkin, Alexander"]
[Black "Duncan, Chris"]
[Result "1-0"]
[WhiteElo "2624"]
[BlackElo "2294"]
[PlyCount "59"]
[EventDate "2008.10.17"]
[EventType "team-swiss"]
[EventRounds "7"]
[EventCountry "GRE"]
[Source "lmi"]
[SourceDate "2008.10.17"]
[WhiteTeam "Saratov"]
[BlackTeam "Betsson"]

1. e4 c5 2. Ne2 d6 3. g3 g6 4. Bg2 Bg7 5. c3 Nc6 6. d4 cxd4 7. cxd4 Nf6 8. h3
O-O 9. Nbc3 e5 10. Be3 h6 11. O-O Kh7 12. Rc1 a6 13. Qd2 Nh5 14. Nd5 Be6 15.
dxe5 dxe5 16. Rfd1 Bxd5 17. exd5 Nb8 18. d6 Nc6 19. d7 Qf6 20. Bxc6 bxc6 21.
Bb6 Rfd8 22. Bxd8 Rxd8 23. Qd6 Qf3 24. Qd3 e4 25. Qxf3 exf3 26. Nf4 Nf6 27.
Rxc6 Rxd7 28. Rxd7 Nxd7 29. Nd3 a5 30. Rc7 1-0

[Event "24. European Club Cup 2008"]
[Site "Kallithea GRE"]
[Date "2008.10.17"]
[Round "1.5"]
[White "Efimenko, Zahar"]
[Black "Agopov, Mikael"]
[Result "1-0"]
[WhiteElo "2680"]
[BlackElo "2449"]
[PlyCount "91"]
[EventDate "2008.10.17"]
[EventType "team-swiss"]
[EventRounds "7"]
[EventCountry "GRE"]
[Source "lmi"]
[SourceDate "2008.10.17"]
[WhiteTeam "Kiev"]
[BlackTeam "Matinkylaen"]

1. e4 c5 2. Nf3 d6 3. d4 cxd4 4. Nxd4 Nf6 5. Nc3 a6 6. Be3 e6 7. Be2 Be7 8. O-O
O-O 9. f4 Nc6 10. Kh1 Qc7 11. Qe1 Bd7 12. Qg3 Nxd4 13. Bxd4 Bc6 14. a4 g6 15.
f5 e5 16. Be3 b5 17. Bh6 Rfc8 18. fxg6 hxg6 19. Qf3 b4 20. Nd5 Bxd5 21. exd5
Qd7 22. h3 Bd8 23. Bd3 Qe8 24. Rae1 Nh5 25. g4 Nf6 26. h4 Nh7 27. h5 Rc7 28.
Re2 Bg5 29. hxg6 fxg6 30. Bxg5 Nxg5 31. Qf6 Qd8 32. Bxg6 a5 33. Rh2 Rg7 34. Rh5
Qxf6 35. Rxf6 Rf8 36. Rxd6 Nf3 37. Bf5 Nd4 38. Rdh6 Kf7 39. Ra6 e4 40. Ra7+ Kf6
41. Rh6+ Kg5 42. Rxg7+ Kxh6 43. Rg6+ Kh7 44. Rf6+ Kg7 45. Rxf8 Kxf8 46. Bxe4
1-0

[Event "24. European Club Cup 2008"]
[Site "Kallithea GRE"]
[Date "2008.10.17"]
[Round "1.6"]
[White "Avrukh, Boris"]
[Black "Lampen, Timo"]
[Result "1-0"]
[WhiteElo "2657"]
[BlackElo "2337"]
[PlyCount "81"]
[EventDate "2008.10.17"]
[EventType "team-swiss"]
[EventRounds "7"]
[EventCountry "GRE"]
[Source "lmi"]
[SourceDate "2008.10.17"]
[WhiteTeam "Ashdod"]
[BlackTeam "Tammer"]

1. d4 Nf6 2. c4 g6 3. Nc3 Bg7 4. e4 d6 5. h3 O-O 6. Bg5 h6 7. Be3 e5 8. d5 Na6
9. Bd3 c6 10. Nge2 cxd5 11. exd5 Ne8 12. O-O f5 13. f3 Qh4 14. Bf2 Qe7 15. a3
Nc5 16. Bc2 Nd7 17. b4 b6 18. Re1 e4 19. f4 g5 20. Bd4 gxf4 21. Nxf4 Ne5 22.
Kh1 Qg5 23. Ne6 Bxe6 24. dxe6 Rc8 25. Nd5 Rxc4 26. e7 Rf7 27. Bb3 Rc8 28. Ne3
Qxe7 29. Nxf5 Qg5 30. Be6 Rcc7 31. Rxe4 Nf6 32. Re3 Nh5 33. Nxg7 Nxg7 34. Bxf7+
Rxf7 35. Rc3 Nh5 36. Qe1 Ng6 37. Rac1 Ngf4 38. Rc8+ Kh7 39. Qe4+ Qf5 40. Qxf5+
Rxf5 41. R1c7+ 1-0

[Event "24. European Club Cup 2008"]
[Site "Kallithea GRE"]
[Date "2008.10.17"]
[Round "1.6"]
[White "Penttinen, Jarkko"]
[Black "Moiseenko, Alexander"]
[Result "0-1"]
[WhiteElo "2322"]
[BlackElo "2678"]
[PlyCount "64"]
[EventDate "2008.10.17"]
[EventType "team-swiss"]
[EventRounds "7"]
[EventCountry "GRE"]
[Source "lmi"]
[SourceDate "2008.10.17"]
[WhiteTeam "Tammer"]
[BlackTeam "Ashdod"]

1. d4 Nf6 2. c4 e6 3. Nf3 d5 4. Bg5 Bb4+ 5. Nbd2 dxc4 6. e3 b5 7. Be2 Bb7 8.
O-O O-O 9. b3 Bxd2 10. Qxd2 cxb3 11. axb3 a6 12. Rfc1 Nbd7 13. Qe1 Bd5 14. Nd2
Qb8 15. f3 Qb6 16. Bh4 e5 17. Qf2 exd4 18. exd4 a5 19. Bd3 Rfe8 20. g4 a4 21.
bxa4 Rxa4 22. Rxa4 bxa4 23. Bg3 a3 24. Nb1 a2 25. Nc3 Qa5 26. Nxd5 Nxd5 27. Qb2
Rb8 28. Qa1 Qd2 29. Rd1 Qb2 30. Bf2 Nc3 31. Re1 Qxa1 32. Rxa1 Rb1+ 0-1

[Event "24. European Club Cup 2008"]
[Site "Kallithea GRE"]
[Date "2008.10.17"]
[Round "1.7"]
[White "Kobalia, Mikhail"]
[Black "Van Ketel, Raoul"]
[Result "1-0"]
[WhiteElo "2630"]
[BlackElo "2285"]
[PlyCount "69"]
[EventDate "2008.10.17"]
[EventType "team-swiss"]
[EventRounds "7"]
[EventCountry "GRE"]
[Source "lmi"]
[SourceDate "2008.10.17"]
[WhiteTeam "TPS"]
[BlackTeam "LSG"]

1. e4 e6 2. d4 d5 3. Nd2 dxe4 4. Nxe4 Nd7 5. Nf3 Ngf6 6. Bd3 c5 7. O-O Nxe4 8.
Bxe4 Nf6 9. Bg5 cxd4 10. Nxd4 Be7 11. Bd3 O-O 12. c3 Qd5 13. Bh4 b6 14. Be2 e5
15. Re1 e4 16. Qb3 Bb7 17. Rad1 Qxb3 18. axb3 g6 19. f3 a6 20. fxe4 Rfe8 21.
Bf3 Nd7 22. Bg3 Nf8 23. e5 Bxf3 24. gxf3 a5 25. Nb5 Ne6 26. Nd6 Red8 27. Kg2
Kf8 28. f4 Bxd6 29. exd6 Rd7 30. Re5 a4 31. Rb5 Ra6 32. bxa4 Ng7 33. b3 Nf5 34.
Bf2 Nxd6 35. Rxb6 1-0

[Event "24. European Club Cup 2008"]
[Site "Kallithea GRE"]
[Date "2008.10.17"]
[Round "1.7"]
[White "Kleijn, Christov"]
[Black "Popov, Valerij"]
[Result "0-1"]
[WhiteElo "2283"]
[BlackElo "2542"]
[PlyCount "86"]
[EventDate "2008.10.17"]
[EventType "team-swiss"]
[EventRounds "7"]
[EventCountry "GRE"]
[Source "lmi"]
[SourceDate "2008.10.17"]
[WhiteTeam "LSG"]
[BlackTeam "TPS"]

1. e4 e6 2. d4 d5 3. Nc3 a6 4. Bd3 Nc6 5. Nf3 Nb4 6. Be2 Nf6 7. e5 Ne4 8. a3
Nxc3 9. bxc3 Nc6 10. O-O Na5 11. a4 Be7 12. g3 Bd7 13. h4 c5 14. Bg5 Rc8 15.
Bxe7 Qxe7 16. h5 h6 17. Qd2 O-O 18. Ra2 Rfd8 19. Nh4 cxd4 20. cxd4 Nc4 21. Qe1
Be8 22. Bd3 Nb6 23. Qa5 Nc4 24. Qe1 f5 25. exf6 Qxf6 26. Ng6 Bxg6 27. hxg6 Rc6
28. c3 e5 29. Bxc4 Rxc4 30. Qxe5 Qxg6 31. Qe7 Rd6 32. Ra3 b6 33. Re1 Kh7 34.
Qe5 a5 35. Kg2 Rcc6 36. Re3 Re6 37. Qxd5 Rxe3 38. fxe3 Rd6 39. Qb7 Qc2+ 40. Kh3
Rf6 41. Ra1 Rf2 42. Qd7 Rh2+ 43. Kg4 Qe4# 0-1

[Event "24. European Club Cup 2008"]
[Site "Kallithea GRE"]
[Date "2008.10.17"]
[Round "1.8"]
[White "Jens, Jelmer"]
[Black "Timofeev, Artyom"]
[Result "1/2-1/2"]
[WhiteElo "2379"]
[BlackElo "2670"]
[PlyCount "95"]
[EventDate "2008.10.17"]
[EventType "team-swiss"]
[EventRounds "7"]
[EventCountry "GRE"]
[Source "lmi"]
[SourceDate "2008.10.17"]
[WhiteTeam "Utrecht"]
[BlackTeam "Bosna"]

1. e4 c5 2. Nf3 d6 3. d4 cxd4 4. Nxd4 Nf6 5. Nc3 e6 6. Be3 Nc6 7. Qd2 Be7 8. f3
O-O 9. g4 d5 10. g5 Nxd4 11. Qxd4 Nh5 12. O-O-O Bxg5 13. Kb1 Bxe3 14. Qxe3 Qf6
15. exd5 Qf4 16. Qxf4 Nxf4 17. Bc4 Rd8 18. dxe6 Bxe6 19. Bxe6 Nxe6 20. Nd5 Kf8
21. f4 Rd6 22. f5 Rad8 23. fxe6 Rxd5 24. Rxd5 Rxd5 25. exf7 Rh5 26. c4 a5 27.
b3 Kxf7 28. Rf1+ Ke6 29. Rf2 Rf5 30. Rc2 g5 31. Kb2 g4 32. Ka3 h5 33. Ka4 b6
34. a3 h4 35. b4 Kd6 36. c5+ bxc5 37. b5 g3 38. hxg3 hxg3 39. Kxa5 Rg5 40. Rg2
Rg8 41. Kb6 Rb8+ 42. Ka7 Rxb5 43. Rxg3 Rb1 44. a4 Ra1 45. a5 Rxa5+ 46. Kb6 Ra1
47. Rd3+ Ke5 48. Kxc5 1/2-1/2

[Event "24. European Club Cup 2008"]
[Site "Kallithea GRE"]
[Date "2008.10.17"]
[Round "1.8"]
[White "Stojanovic, Dalibor"]
[Black "Goes, Sten"]
[Result "1-0"]
[WhiteElo "2455"]
[BlackElo "2143"]
[PlyCount "71"]
[EventDate "2008.10.17"]
[EventType "team-swiss"]
[EventRounds "7"]
[EventCountry "GRE"]
[Source "lmi"]
[SourceDate "2008.10.17"]
[WhiteTeam "Bosna"]
[BlackTeam "Utrecht"]

1. e4 c5 2. Nf3 d6 3. d4 cxd4 4. Nxd4 Nf6 5. Nc3 a6 6. Be2 g6 7. g4 h5 8. g5
Nfd7 9. Be3 Bg7 10. f4 Nc6 11. Qd2 Nc5 12. O-O-O Bd7 13. Nxc6 Bxc6 14. Bd4 Bxd4
15. Qxd4 O-O 16. Rhg1 b5 17. f5 Qa5 18. Kb1 Nd7 19. Nd5 Bxd5 20. Qxd5 Ne5 21.
fxg6 Nxg6 22. Qf5 Rac8 23. Bxh5 Rc5 24. Qh3 Nf4 25. Qg4 Nxh5 26. Qxh5 Qa4 27.
Qe2 Re5 28. Rde1 Rc8 29. Qd3 b4 30. g6 fxg6 31. Rxg6+ Kf7 32. Rg2 Rc7 33. Rf1+
Ke8 34. Qh3 e6 35. Qh8+ Kd7 36. Rg7+ 1-0

[Event "24. European Club Cup 2008"]
[Site "Kallithea GRE"]
[Date "2008.10.17"]
[Round "1.9"]
[White "Bauduin, Etienne"]
[Black "Zelcic, Robert"]
[Result "0-1"]
[WhiteElo "2309"]
[BlackElo "2589"]
[PlyCount "76"]
[EventDate "2008.10.17"]
[EventType "team-swiss"]
[EventRounds "7"]
[EventCountry "GRE"]
[Source "lmi"]
[SourceDate "2008.10.17"]
[WhiteTeam "Charleroi"]
[BlackTeam "Zagreb"]

1. Nf3 Nf6 2. c4 e6 3. Nc3 d5 4. d4 c5 5. cxd5 Nxd5 6. e3 Nc6 7. Bb5 cxd4 8.
exd4 Bb4 9. Bd2 O-O 10. O-O Nde7 11. Bg5 h6 12. Be3 Nf5 13. Qd3 Bd7 14. Rad1
Nce7 15. Bc4 Ng6 16. Bb3 Nxe3 17. Qxe3 Qa5 18. Rc1 Bd6 19. g3 Rad8 20. Bc2 Qh5
21. Be4 Bc8 22. Rfe1 f5 23. Bd3 f4 24. Qe4 fxg3 25. fxg3 Rxf3 26. Qxg6 Qxg6 27.
Bxg6 Bxg3 28. Re2 Bb8 29. d5 Rf6 30. Be4 Bf4 31. Rd1 e5 32. Bf3 Bf5 33. Ne4
Rg6+ 34. Rg2 Be3+ 35. Kh1 Bd4 36. Ng3 Bg4 37. Bxg4 Rxg4 38. Rdd2 Rf4 0-1

[Event "24. European Club Cup 2008"]
[Site "Kallithea GRE"]
[Date "2008.10.17"]
[Round "1.9"]
[White "Dizdar, Goran"]
[Black "Akhayan, Ruben"]
[Result "1/2-1/2"]
[WhiteElo "2551"]
[BlackElo "2262"]
[PlyCount "67"]
[EventDate "2008.10.17"]
[EventType "team-swiss"]
[EventRounds "7"]
[EventCountry "GRE"]
[Source "lmi"]
[SourceDate "2008.10.17"]
[WhiteTeam "Zagreb"]
[BlackTeam "Charleroi"]

1. Nf3 Nf6 2. g3 g6 3. Bg2 Bg7 4. O-O O-O 5. c4 c6 6. b3 Ne4 7. d4 d5 8. Bb2 a5
9. Nbd2 a4 10. bxa4 Nxd2 11. Nxd2 Qb6 12. Qb3 Bxd4 13. Qxb6 Bxb6 14. cxd5 Rxa4
15. e4 Rd8 16. Rfc1 Bd4 17. Bxd4 Rxd4 18. Nc4 cxd5 19. exd5 Nd7 20. Ne3 b6 21.
Rc7 Ba6 22. Ra7 Bb5 23. Nc2 Ra4 24. Rc7 Rc4 25. Rxc4 Bxc4 26. Nb4 Nf6 27. Rd1
Rd6 28. Rd4 b5 29. Nc6 e6 30. a4 Nxd5 31. axb5 Bxb5 32. Ne7+ Kf8 33. Nxd5 exd5
34. Rxd5 1/2-1/2

[Event "24. European Club Cup 2008"]
[Site "Kallithea GRE"]
[Date "2008.10.17"]
[Round "1.10"]
[White "Akopian, Vladimir"]
[Black "Gislason, Gudmundur"]
[Result "1-0"]
[WhiteElo "2679"]
[BlackElo "2328"]
[PlyCount "77"]
[EventDate "2008.10.17"]
[EventType "team-swiss"]
[EventRounds "7"]
[EventCountry "GRE"]
[Source "lmi"]
[SourceDate "2008.10.17"]
[WhiteTeam "Linex"]
[BlackTeam "Bolungarvik"]

1. e4 c5 2. Nf3 d6 3. d4 cxd4 4. Nxd4 Nf6 5. Nc3 a6 6. Be3 e6 7. f3 Be7 8. Qd2
b5 9. g4 Nfd7 10. O-O-O Bb7 11. g5 Nc6 12. Nxc6 Bxc6 13. Ne2 Ne5 14. Nd4 Rc8
15. Rg1 O-O 16. h4 d5 17. f4 Nc4 18. Bxc4 dxc4 19. Nxc6 Rxc6 20. Qd7 Qc7 21.
Qxc7 Rxc7 22. c3 a5 23. Bb6 Rb7 24. Bxa5 Bc5 25. Rg3 Ra7 26. Bb4 Bxb4 27. cxb4
Rxa2 28. Kc2 Ra4 29. Kc3 g6 30. e5 Rfa8 31. Rgg1 Kg7 32. Rd7 R8a7 33. Rd8 Ra8
34. Rd7 R8a7 35. Rd6 h5 36. Rb6 Rd7 37. Rxb5 Rd3+ 38. Kxc4 Rf3 39. Rb8 1-0

[Event "24. European Club Cup 2008"]
[Site "Kallithea GRE"]
[Date "2008.10.17"]
[Round "1.10"]
[White "Halldorsson, Gudmundur"]
[Black "Perez Candelario, Manuel"]
[Result "0-1"]
[WhiteElo "2251"]
[BlackElo "2520"]
[PlyCount "96"]
[EventDate "2008.10.17"]
[EventType "team-swiss"]
[EventRounds "7"]
[EventCountry "GRE"]
[Source "lmi"]
[SourceDate "2008.10.17"]
[WhiteTeam "Bolungarvik"]
[BlackTeam "Linex"]

1. d4 d5 2. c4 e6 3. Nc3 c6 4. e4 dxe4 5. Nxe4 Bb4+ 6. Bd2 Qxd4 7. Bxb4 Qxe4+
8. Ne2 Na6 9. Bf8 Ne7 10. Bxg7 Rg8 11. Qd4 Qxd4 12. Bxd4 c5 13. Bc3 Nb4 14.
Bxb4 cxb4 15. g3 Bd7 16. Bg2 Bc6 17. O-O O-O-O 18. Rad1 Nf5 19. Nf4 Nd4 20.
Bxc6 bxc6 21. Kg2 Kc7 22. Rd2 e5 23. Rfd1 c5 24. Nd3 Kd6 25. Re1 Rge8 26. Re4
f6 27. f4 Re6 28. fxe5+ fxe5 29. Rf2 Rd7 30. Rf8 Nc6 31. Rc8 Rd8 32. Rxd8+ Nxd8
33. Rh4 h6 34. Kf3 Nf7 35. Ke3 Rf6 36. Nf2 Ke7 37. Rg4 Ra6 38. h4 Rxa2 39. Nd3
Nd6 40. b3 Rc2 41. Nxc5 Rc3+ 42. Kf2 Kf6 43. h5 Kf5 44. Rg6 Ne4+ 45. Nxe4 Kxe4
46. Rxh6 Rxb3 47. Ra6 Rb2+ 48. Kg1 Rc2 0-1

[Event "24. European Club Cup 2008"]
[Site "Kallithea GRE"]
[Date "2008.10.17"]
[Round "1.10"]
[White "Cabezas Ayala, Ivan"]
[Black "Einarsson, Halldor"]
[Result "1-0"]
[WhiteElo "2374"]
[BlackElo "2264"]
[PlyCount "117"]
[EventDate "2008.10.17"]
[EventType "team-swiss"]
[EventRounds "7"]
[EventCountry "GRE"]
[Source "lmi"]
[SourceDate "2008.10.17"]
[WhiteTeam "Linex"]
[BlackTeam "Bolungarvik"]

1. e4 e6 2. d4 d5 3. Nc3 Bb4 4. e5 c5 5. a3 Bxc3+ 6. bxc3 Ne7 7. a4 Nbc6 8. Nf3
Bd7 9. Bb5 Qa5 10. O-O Nxe5 11. Nxe5 Bxb5 12. Re1 Bc6 13. Ba3 O-O 14. Bxc5 Rfe8
15. Qh5 Ng6 16. Re3 Nxe5 17. Bb4 Qd8 18. dxe5 d4 19. Rg3 Be4 20. Qg4 Bg6 21.
cxd4 h5 22. Qd1 Rc8 23. c3 Qd5 24. Qf3 Qxf3 25. Rxf3 Be4 26. Rh3 g6 27. Re3 Bd5
28. h4 Rc4 29. a5 Rec8 30. f3 R8c7 31. Kf2 Kg7 32. Kg3 R4c6 33. Kf4 Ra6 34. g4
hxg4 35. fxg4 b5 36. axb6 Rxb6 37. h5 Rbb7 38. Rh3 Rc8 39. Bc5 Ra8 40. Ra4 a5
41. c4 Bc6 42. Ra2 g5+ 43. Kxg5 a4 44. Rhh2 Rg8 45. Rhb2 Rgb8 46. Rf2 Rg8 47.
Bd6 Rb3 48. Kh4 Rc3 49. d5 exd5 50. e6 f6 51. Be7 Rxc4 52. Rxf6 Be8 53. Raf2
Kh7 54. R2f4 Rxf4 55. Rxf4 Rg7 56. Ba3 Rb7 57. g5 Rb1 58. Rf7+ Bxf7 59. exf7
1-0

[Event "24. European Club Cup 2008"]
[Site "Kallithea GRE"]
[Date "2008.10.17"]
[Round "1.11"]
[White "Mitkov, Marjan"]
[Black "Kozul, Zdenko"]
[Result "1-0"]
[WhiteElo "2372"]
[BlackElo "2593"]
[PlyCount "59"]
[EventDate "2008.10.17"]
[EventType "team-swiss"]
[EventRounds "7"]
[EventCountry "GRE"]
[Source "lmi"]
[SourceDate "2008.10.17"]
[WhiteTeam "Skopje"]
[BlackTeam "Alkaloid"]

1. d4 Nf6 2. Nf3 g6 3. Bf4 d6 4. h3 c5 5. e3 Qb6 6. Qc1 Nc6 7. c3 Be6 8. Nbd2
Rc8 9. Ng5 cxd4 10. Nxe6 dxc3 11. Qxc3 fxe6 12. Bxd6 Bg7 13. Bc5 Qc7 14. Bc4
O-O 15. Bxe6+ Kh8 16. Bxc8 Rxc8 17. Rc1 Nd7 18. Qa3 Nce5 19. O-O Nxc5 20. b4
Qd7 21. Rxc5 Rxc5 22. bxc5 Qxd2 23. Qxa7 Bf6 24. Qxb7 Qc2 25. f4 Nf7 26. Qb3
Qxb3 27. axb3 Bc3 28. Rd1 Ba5 29. Rd7 Nd8 30. b4 1-0

[Event "24. European Club Cup 2008"]
[Site "Kallithea GRE"]
[Date "2008.10.17"]
[Round "1.11"]
[White "Andonovski, Ljubisa"]
[Black "Stanojoski, Zvonko"]
[Result "1/2-1/2"]
[WhiteElo "2292"]
[BlackElo "2502"]
[PlyCount "101"]
[EventDate "2008.10.17"]
[EventType "team-swiss"]
[EventRounds "7"]
[EventCountry "GRE"]
[Source "lmi"]
[SourceDate "2008.10.17"]
[WhiteTeam "Skopje"]
[BlackTeam "Alkaloid"]

1. d4 Nf6 2. Nf3 c5 3. c3 e6 4. Bg5 Qb6 5. Qb3 Ne4 6. Bf4 Nc6 7. e3 d5 8. Nbd2
Nxd2 9. Nxd2 c4 10. Qc2 f5 11. b3 cxb3 12. axb3 Bd7 13. Be2 Be7 14. O-O g5 15.
Bh5+ Kd8 16. Bg3 Rf8 17. Nf3 Rc8 18. Rfb1 f4 19. exf4 Nxd4 20. Nxd4 gxf4 21.
Qd2 fxg3 22. hxg3 Qc5 23. Rc1 e5 24. Nf3 e4 25. Ne5 Be6 26. Bg4 e3 27. Qxe3
Qxe3 28. fxe3 Bxg4 29. Nxg4 Bc5 30. Rd1 Rf5 31. Rd3 Ke7 32. Nh2 Rg8 33. g4 Rfg5
34. Ra5 Rc8 35. Kf2 Bb6 36. Rb5 Rf8+ 37. Ke2 Ke6 38. c4 dxc4 39. Rxg5 cxd3+ 40.
Kxd3 Rd8+ 41. Ke4 Kf6 42. Rf5+ Kg7 43. Nf3 Rd1 44. Ne5 Rb1 45. Rf7+ Kg8 46.
Rxb7 Rxb3 47. Nd7 Rxe3+ 48. Kf5 Re7 49. Rb8+ Kg7 50. Nxb6 axb6 51. Rxb6 1/2-1/2

[Event "24. European Club Cup 2008"]
[Site "Kallithea GRE"]
[Date "2008.10.17"]
[Round "1.11"]
[White "Simjanovski, Saso"]
[Black "Jacimovic, Dragoljub"]
[Result "1/2-1/2"]
[WhiteElo "2223"]
[BlackElo "2420"]
[PlyCount "38"]
[EventDate "2008.10.17"]
[EventType "team-swiss"]
[EventRounds "7"]
[EventCountry "GRE"]
[Source "lmi"]
[SourceDate "2008.10.17"]
[WhiteTeam "Skopje"]
[BlackTeam "Alkaloid"]

1. e4 e6 2. d3 d5 3. Nd2 c5 4. Ngf3 Nc6 5. g3 Bd6 6. Bg2 Nge7 7. O-O O-O 8.
exd5 exd5 9. d4 c4 10. Re1 h6 11. Nf1 f5 12. Bf4 Bxf4 13. gxf4 Ng6 14. Qd2 Kh7
15. Ng3 Qd6 16. Ne5 Ncxe5 17. dxe5 Qb6 18. c3 Nh4 19. Qe3 Qg6 1/2-1/2

[Event "24. European Club Cup 2008"]
[Site "Kallithea GRE"]
[Date "2008.10.17"]
[Round "1.12"]
[White "Landa, Konstantin"]
[Black "Vafiadis, Kleanthis"]
[Result "1/2-1/2"]
[WhiteElo "2613"]
[BlackElo "2213"]
[PlyCount "150"]
[EventDate "2008.10.17"]
[EventType "team-swiss"]
[EventRounds "7"]
[EventCountry "GRE"]
[Source "lmi"]
[SourceDate "2008.10.17"]
[WhiteTeam "Muehlheim"]
[BlackTeam "Galaxias Thessaloniki"]

1. e4 d5 2. exd5 Nf6 3. Nf3 Bg4 4. Bb5+ Nbd7 5. c4 e6 6. h3 Bh5 7. Nc3 exd5 8.
cxd5 Qe7+ 9. Qe2 Bxf3 10. gxf3 O-O-O 11. d4 Qxe2+ 12. Kxe2 Nb6 13. f4 Nfxd5 14.
Kf3 g6 15. Be3 Bg7 16. Rad1 a6 17. Bd3 Rhe8 18. h4 f5 19. h5 Nf6 20. hxg6 hxg6
21. Bc2 Nbd5 22. Bc1 Rh8 23. Nxd5 Nxd5 24. Rhg1 Rh3+ 25. Rg3 Rxg3+ 26. fxg3 Rh8
27. Kg2 Re8 28. Kf3 Rh8 29. g4 Rh3+ 30. Kg2 fxg4 31. Bxg6 Ne3+ 32. Bxe3 Rxe3
33. Bf5+ Kd8 34. Bxg4 Re4 35. Kf3 Rxd4 36. Re1 Bh6 37. f5 Rd6 38. b3 Bg7 39.
Bh5 a5 40. Bf7 Rd4 41. Re6 Rd6 42. Re2 Rd4 43. a4 Bh6 44. Kg3 Bg5 45. Bc4 Kd7
46. Re6 Rd6 47. Re5 b6 48. Kg4 Bd2 49. Re2 Bc3 50. Kh5 Rd2 51. Re6 c6 52. Kg6
Rf2 53. Bd3 Rd2 54. Be4 Rd6 55. Kf7 Bb4 56. Rg6 b5 57. f6 Bc3 58. Bf5+ Kc7 59.
Be6 Kb6 60. Rg3 Bb4 61. Re3 Rd4 62. Kg7 Bd6 63. axb5 cxb5 64. f7 Rf4 65. Rd3
Bb4 66. Bd7 Bc5 67. Rd5 a4 68. bxa4 bxa4 69. Bxa4 Rg4+ 70. Kf6 Rf4+ 71. Ke6 Rf2
72. Bc2 Re2+ 73. Kf6 Be7+ 74. Kg7 Rxc2 75. f8=Q Bxf8+ 1/2-1/2

[Event "24. European Club Cup 2008"]
[Site "Kallithea GRE"]
[Date "2008.10.17"]
[Round "1.12"]
[White "Kanakaris, Georgios"]
[Black "Fridman, Daniel"]
[Result "1/2-1/2"]
[WhiteElo "2342"]
[BlackElo "2630"]
[PlyCount "91"]
[EventDate "2008.10.17"]
[EventType "team-swiss"]
[EventRounds "7"]
[EventCountry "GRE"]
[Source "lmi"]
[SourceDate "2008.10.17"]
[WhiteTeam "Galaxias Thessaloniki"]
[BlackTeam "Muehlheim"]

1. d4 d5 2. c4 c6 3. e3 Nf6 4. Nf3 a6 5. b3 Bg4 6. Be2 e6 7. O-O Nbd7 8. Nbd2
Bd6 9. Bb2 Qb8 10. Rc1 Bf5 11. h3 h6 12. Ne1 O-O 13. c5 Bc7 14. f4 g5 15. fxg5
hxg5 16. Bd3 Bg6 17. Ndf3 g4 18. Ne5 Nxe5 19. Rxf6 Nxd3 20. Nxd3 Kg7 21. Ne5
Qd8 22. Nxg6 Qxf6 23. Nxf8 Kxf8 24. Qxg4 Ke7 25. Bc3 Qh6 26. Qf3 Rg8 27. Rf1 f5
28. Be1 Kd7 29. b4 Qg6 30. a4 Kc8 31. Rf2 Qh7 32. Rb2 e5 33. Rf2 f4 34. exf4
exf4 35. Re2 Qb1 36. Qh5 Kb8 37. Qf7 Rc8 38. Re8 Ka7 39. Re7 Kb8 40. Qg7 a5 41.
bxa5 Bd8 42. Re8 Ka7 43. Qd7 Rb8 44. Kh2 Qb2 45. Kh1 Qb1 46. Kh2 1/2-1/2

[Event "24. European Club Cup 2008"]
[Site "Kallithea GRE"]
[Date "2008.10.17"]
[Round "1.12"]
[White "Galopoulos, Panagiotis"]
[Black "Hausrath, Daniel"]
[Result "0-1"]
[WhiteElo "2178"]
[BlackElo "2493"]
[PlyCount "72"]
[EventDate "2008.10.17"]
[EventType "team-swiss"]
[EventRounds "7"]
[EventCountry "GRE"]
[Source "lmi"]
[SourceDate "2008.10.17"]
[WhiteTeam "Galaxias Thessaloniki"]
[BlackTeam "Muehlheim"]

1. e4 c6 2. d4 d5 3. Nc3 dxe4 4. Nxe4 Bf5 5. Ng3 Bg6 6. h4 h6 7. Nf3 Nd7 8. h5
Bh7 9. Bd3 Bxd3 10. Qxd3 e6 11. Bf4 Qa5+ 12. Bd2 Bb4 13. c3 Be7 14. c4 Qa6 15.
Qb3 Ngf6 16. O-O-O Ng4 17. Rhf1 Nb6 18. c5 Nd5 19. Kb1 O-O 20. Ne4 b6 21. Ne5
Nxe5 22. dxe5 bxc5 23. g4 Rab8 24. Qg3 Qa4 25. Rfe1 c4 26. g5 Qa3 27. Qxa3 Bxa3
28. Bc1 Bxb2 29. Bxb2 c3 30. Re2 cxb2 31. gxh6 Rb4 32. hxg7 Kxg7 33. Rg1+ Kh6
34. Rg3 Rfb8 35. Nd6 Rf4 36. Re4 Rxf2 0-1